| 000 | 00938nam a2200241 a 4500 | ||
|---|---|---|---|
| 001 | 84375 | ||
| 003 | BD-RjUL | ||
| 005 | 20241127104215.0 | ||
| 008 | 241127s2023 bg a|||| m||| 00| 0 eng d | ||
| 035 | _a(BD-RjUL)84375 | ||
| 040 |
_aBD-RjUL _beng _cBD-RjUL _dBD-RjUL |
||
| 041 | _aeng | ||
| 082 |
_a571.9 _223 _bRAP 2023 |
||
| 100 |
_aRahman, M. Firoz _914444 |
||
| 245 | 1 | 0 |
_aPhysiological and Functional Genmics Studies of Lead Toxicity Tolerance and Detoxification in Wheat (Triticum Aestivum L.) / _cBy M. Firoz Rahman ; _6Supervisor : Md. Mostafizur Rahman |
| 260 |
_aRajshahi : _bDepartment of Botany, University of Rajshahi, _c2023 |
||
| 300 |
_axvi, 238 Leaves : _bill, ; _c29 cm. |
||
| 502 | _aThesis (Ph. D.) -- Department of Botany, University of Rajshahi, 2023 | ||
| 504 | _aReferences : Leaves 193-237 | ||
| 650 |
_aPhysiological _vDiseases _914445 |
||
| 700 |
_aRahman, Md. Mostafizur, Supervisor _95569 |
||
| 942 |
_2ddc _cTHE |
||
| 999 |
_c84375 _d84375 |
||